<?xml version="1.0" encoding="UTF-8"?>
<record
    xmlns:xsi="http://www.w3.org/2001/XMLSchema-instance"
    xsi:schemaLocation="http://www.loc.gov/MARC21/slim http://www.loc.gov/standards/marcxml/schema/MARC21slim.xsd"
    xmlns="http://www.loc.gov/MARC21/slim">

  <leader>00643nam a2200157 i 4500</leader>
  <controlfield tag="001">126548</controlfield>
  <controlfield tag="003">ES-MaACL</controlfield>
  <controlfield tag="005">20230906192835.0</controlfield>
  <controlfield tag="007">t|</controlfield>
  <controlfield tag="008">070214m18561858po      r    ||||1| por d</controlfield>
  <datafield tag="245" ind1="0" ind2="0">
    <subfield code="a">Collec&#xE7;&#xE3;o dos tratados, conven&#xE7;&#xF5;es, contratos e actos publicos celebrados entre a Coroa de Portugal e as mais potencias desde 1640 at&#xE9; ao presente /</subfield>
    <subfield code="c">compilados, coordenados e annotados por Jos&#xE9; Ferreira Borges de Castro.</subfield>
  </datafield>
  <datafield tag="260" ind1=" " ind2=" ">
    <subfield code="a">Lisboa : </subfield>
    <subfield code="b">Imprensa Nacional, </subfield>
    <subfield code="c">1856-1858.</subfield>
  </datafield>
  <datafield tag="300" ind1=" " ind2=" ">
    <subfield code="a">8 v. ; </subfield>
    <subfield code="c">22 cm.</subfield>
  </datafield>
  <datafield tag="600" ind1="1" ind2="4">
    <subfield code="a">Castro, Jos&#xE9; Ferreira Borges de.</subfield>
    <subfield code="9">160143</subfield>
  </datafield>
  <datafield tag="852" ind1=" " ind2=" ">
    <subfield code="a">ES-MaACL</subfield>
    <subfield code="j">R-2736-43   </subfield>
    <subfield code="x">Olim:F-14469-76</subfield>
  </datafield>
  <datafield tag="999" ind1=" " ind2=" ">
    <subfield code="c">126548</subfield>
    <subfield code="d">126548</subfield>
  </datafield>
  <datafield tag="952" ind1=" " ind2=" ">
    <subfield code="0">0</subfield>
    <subfield code="1">0</subfield>
    <subfield code="4">0</subfield>
    <subfield code="7">0</subfield>
    <subfield code="8">LIBXIX</subfield>
    <subfield code="a">ATENEOM</subfield>
    <subfield code="b">ATENEOM</subfield>
    <subfield code="c">DEPO</subfield>
    <subfield code="d">2016-07-12</subfield>
    <subfield code="e">SC</subfield>
    <subfield code="l">0</subfield>
    <subfield code="o">R-2736-43</subfield>
    <subfield code="p">1195580</subfield>
    <subfield code="r">2023-02-23 00:00:00</subfield>
    <subfield code="w">2023-02-23</subfield>
    <subfield code="y">MONANT</subfield>
  </datafield>
</record>
